000 01745nam a2200409 i 4500
001 000042441
003 DO-SdBNP
005 20240306134451.0
006 a||||gr|||| 00| 0
007 ta
008 090723e2003 dr agc r 001 m spa d
020 _a9993487740
040 _aDO-SdBNP
_bspa
_cBNPHU
_erda
082 4 _a781.63
_bP438me
_222
100 1 _aPérez de Cuello, Catana,
_eautor
_984804
245 1 3 _aEl merengue :
_bmúsica y baile de la República Dominicana /
_cCatana Pérez de Cuello, Rafael Solano; fotografías, Mariano Hernández
264 _aSanto Domingo :
_bAmigo del hogar,
_c2003.
300 _a479 páginas :
_bilustraciones, música, retratos ;
_c28 cm.
336 _2rdacontent
_atexto
_btxt
337 _2rdamedia
_asin mediación
_bn
338 _2rdacarrier
_avolumen
_bnc
490 _aCultura Codetel ;
_v6
500 _aIncluye datos biográficos de los autores en las páginas [480 - 481].
500 _aIncluye índice
505 0 _aPresentación --
_tGénesis del merengue, raíces, trayectoria y difusión en el siglo XIX /
_rCatana Pérez de Cuello --
_tEntre dos siglos: música y músicos del merengue /
_rRafael Solano --
_tFuentes de las fotografías --
_tSobre los autores.
590 _aInventariado 2024 / MF
650 4 _aMerengue (baile)
_zRepública Dominicana
_913132
650 4 _aMerengue (música)
_xCaribe (región)
_917682
650 4 _aMúsica popular dominicana
_xHistoria
_913134
650 4 _aGrupos musicales
_913135
650 4 _aOrquetas bailables
_913136
650 4 _aInstrumentos musicales
_913137
700 1 _aSolano, Rafael,
_d1931-
_942963
_eautor
700 1 _aHernández, Mariano,
_959875
_efotografías
910 _aValidado. Control de calidad MFF
942 _2ddc
_cLBS1
999 _c41930
_d41930